000 00919nam a22002897a 4500
003 CHAP
005 20220329134036.0
008 971013s1977 enka r 00010 eng d
010 _a14530
011 _a15502
035 _a19578
040 _cCHAP
082 0 4 _a636.213
_bG6
100 0 0 _aGoodwin, Derek H.
_949593
245 1 _aBeef management and production; a practical guide for farmers and students
260 _aLondon :
_bHutchinson,
_c1977
300 _a200 p.
_b: ilus. : gráfs
590 _aBATCH-UPD
_b10
_c20130110
_lUCH01
_h1349
590 _aBATCH-UPD
_b10
_c20130410
_lUCH01
_h0846
590 _aBATCH-UPD
_b10
_c20130914
_lUCH01
_h1509
590 _aCONVERSION
_b10
_c20130109
_lUCH01
_h1309
650 1 4 _aGanado de carne.
_945067
650 1 4 _aGanado de carne
_xProducción.
_945104
901 _aBK
942 _cLIBRO
949 _a636.213 G6
_bBC
_cLIBRO
_d33724000123865
_eLIBRO
_h50753
_i19578
_si
_t224.25
999 _c14530
_d14530